000 00868nam a2200265 i 4500
003 DO-SdBNP
005 20250617103451.0
007 ta
008 250617s1997 dr 000 0 spa d
040 _aDO-SdBNP
_bspa
_cBNPHU
_erda
082 _a342.729307
_bR426
_222
110 1 _aRepública Dominicana.
_bJunta Central Electoral
_964605
222 _aLeyes, etc.
245 1 0 _aLey electoral :
_bNo. 275-97 y sus modificaciones /
264 1 _aSanto Domingo :
_bJunta Central Electoral,
_c[1997].
300 _a93 páginas
_c22 cm.
336 _atexto
_btxt
_2rdacontent
337 _asin mediación
_bn
_2rdamedia
338 _avolumen
_bnc
_2rdacarrier
590 _aInventariado, 2025/ YL
650 4 _aElecciones
_xLegislación
_zRepública Dominicana
_9412
740 0 2 _aLey electoral nº 275-97 y sus modificaciones
910 _aYLockward
942 _2ddc
_cLBS1
999 _c59309
_d59309